Loading...
Auditory Arts | 1 | 4 | 1 | 0 | 50 | 79 | 104.60 | 1 | 4 |
Literature - British Literature | 1 | 3 | 1 | 1 | 40 | 54 | 110.00 | 1 | 4 |
Literature - European Literature | 0 | 4 | 1 | 0 | 35 | 116 | 128.75 | 1 | 3 |
Beliefs | 0 | 3 | 0 | 1 | 30 | 101 | 110.33 | 1 | 3 |
Social Science | 0 | 3 | 0 | 2 | 30 | 118 | 122.67 | 0 | 0 |
Literature - American Literature | 0 | 3 | 0 | 1 | 30 | 141 | 144.33 | 0 | 1 |
Science - Other Science | 0 | 3 | 0 | 0 | 30 | 75 | 89.33 | 2 | 3 |
Visual Arts | 1 | 1 | 0 | 0 | 25 | 80 | 95.50 | 1 | 2 |
Philosophy | 0 | 3 | 1 | 1 | 25 | 98 | 114.67 | 0 | 0 |
Science - Physics | 1 | 1 | 0 | 0 | 25 | 58 | 76.50 | 1 | 1 |
Science - Biology | 0 | 1 | 0 | 1 | 10 | 124 | 124.00 | 0 | 1 |
Current Events | 0 | 1 | 0 | 0 | 10 | 107 | 107.00 | 0 | 1 |
Literature - World Literature | 0 | 1 | 0 | 0 | 10 | 142 | 142.00 | 0 | 0 |
History - European History | 0 | 1 | 0 | 1 | 10 | 116 | 116.00 | 1 | 1 |
Fine Arts - Other Arts | 0 | 1 | 2 | 0 | 0 | 126 | 126.00 | 0 | 1 |